000 00299nam a2200133Ia 4500
100 _aGoffman C/ Pednick G
942 _cBK
654 _aComputer
245 _aFirst Course in Functional Analysis
260 _bP.H.I.
_aNew Delhi
_c1993
082 _a515.7
_bPAN
546 _aENGLISH
999 _c21894
_d21894